|
|
|
|
| LEADER |
01117nam a22002897a 4500 |
| 001 |
40063 |
| 003 |
BD-DhAAL |
| 005 |
20221116123108.0 |
| 008 |
221116t1987 waua|||| b||| 001 0 eng d |
| 999 |
|
|
|c 45053
|d 45053
|
| 020 |
|
|
|a 1558130004
|
| 040 |
|
|
|a BD-DhAAL
|
| 082 |
|
|
|a 338.5443
|
| 100 |
|
|
|a Singer, Max,
|d 1931-
|9 52364
|
| 245 |
|
|
|a Passage to a human world /
|c Max Singer.
|
| 260 |
|
|
|a Indianapolis, Ind. :
|b Hudson Institute,
|c c1987.
|
| 300 |
|
|
|a xv, 390 pages :
|b illustrations ;
|c 24 cm.
|
| 504 |
|
|
|a Includes bibliographical references (p. 335-337) and index.
|
| 541 |
|
|
|e 40063
|a Donated by Akbar Ali Khan
|
| 650 |
|
|
|a Economic history
|y 1971-1990.
|9 52365
|
| 650 |
|
|
|a Economic forecasting.
|9 52366
|
| 650 |
|
|
|a Natural resources.
|9 52367
|
| 650 |
|
|
|a Economics.
|9 52368
|
| 650 |
|
|
|a Twenty-first century
|x Forecasts.
|9 52369
|
| 852 |
|
|
|a Ayesha Abed Library
|c Akbar Ali khan collections
|
| 942 |
|
|
|2 ddc
|c BK
|
| 952 |
|
|
|0 0
|1 0
|2 ddc
|4 0
|6 338_544300000000000_SIN
|7 1
|9 72347
|a BRACUL
|b BRACUL
|c AAKC
|d 2022-11-16
|e Donated by Akbar Ali Khan
|g 3097.14
|l 0
|o 338.5443 SIN
|p 3010040063
|r 2022-11-16
|t 1
|w 2022-11-16
|y BK
|x $30.00
|